[Event "DEM U10/U10w 2003"]
[Site "Willingen GER"]
[Date "2003.06.08"]
[Round "1"]
[White "Billing, Alexander"]
[Black "Khitov, Roman"]
[Result "1-0"]
[Termination "normal"]
[Board "14"]
[WhiteElo "1333"]
[BlackElo "948"]
[PlyCount "85"]
[WhiteFideId "24624420"]
[EventCountry "GER"]
[EventRounds "11"]
[EventType "swiss"]
[EventDate "2003.06.07"]

1. e4 d5 2. exd5 Nf6 3. Nc3 Nxd5 4. Nxd5 Qxd5 5. Nf3 Bg4 6. Be2 e5 7. d3 Nc6 8.
O-O O-O-O 9. h3 Bf5 10. Be3 e4 11. c4 Qe6 12. Ng5 Qf6 13. Bg4 h6 14. Bxf5+ Qxf5
15. Nxe4 Bd6 16. Qg4 Qxg4 17. hxg4 h5 18. gxh5 Rxh5 19. Nxd6+ Rxd6 20. Rfd1 b6
21. d4 Nb4 22. Rd2 Rh4 23. a3 Nc6 24. c5 Rd5 25. cxb6 axb6 26. Rad1 f5 27. g3
Rg4 28. Bf4 g5 29. f3 Nxd4 30. Rxd4 Rxd4 31. Rxd4 gxf4 32. fxg4 fxg4 33. gxf4
c5 34. Rd1 b5 35. f5 b4 36. axb4 cxb4 37. f6 b3 38. f7 g3 39. f8=Q+ Kc7 40.
Qc5+ Kb7 41. Rd7+ Kb8 42. Qa7+ Kc8 43. Qc7# 1-0

[Event "DEM U10/U10w 2003"]
[Site "Willingen GER"]
[Date "2003.06.08"]
[Round "1"]
[White "Salzmann, Tim"]
[Black "Osmanodja, Bilgin"]
[Result "0-1"]
[Termination "normal"]
[Board "15"]
[WhiteElo "932"]
[BlackElo "1330"]
[PlyCount "98"]
[EventCountry "GER"]
[EventRounds "11"]
[EventType "swiss"]
[EventDate "2003.06.07"]

1. e4 c5 2. Nf3 d6 3. d4 cxd4 4. Nxd4 Nf6 5. Nc3 g6 6. Bb5+ Bd7 7. Bxd7+ Qxd7
8. O-O Bg7 9. Be3 O-O 10. f4 Ne8 11. Rb1 Nc6 12. Nxc6 Qxc6 13. Nd5 Qd7 14. a3
e6 15. Nc3 Qc6 16. Bd4 e5 17. fxe5 dxe5 18. Nd5 Qd6 19. Be3 b6 20. b4 Qe6 21.
c4 Rc8 22. Rc1 Nf6 23. Rf3 Nxe4 24. Qd3 f5 25. c5 bxc5 26. bxc5 Rfd8 27. Rd1
Nxc5 28. Qc4 Qa6 29. Qa2 Qb7 30. Ne7+ Kh8 31. Nxc8 Rxd1+ 32. Kf2 Ne4+ 33. Ke2
Nc3+ 34. Kf2 Nxa2 35. Ke2 Nc3+ 36. Kf2 Qxc8 37. Bxa7 e4 38. Re3 f4 39. Rh3 e3+
40. Bxe3 fxe3+ 41. Rxe3 Bd4 42. g4 Bxe3+ 43. Kxe3 Qxg4 44. a4 Qh3+ 45. Kf4
Qxh2+ 46. Kf3 Qe2+ 47. Kf4 Rf1+ 48. Kg3 Qf3+ 49. Kh2 Rh1# 0-1

[Event "DEM U10/U10w 2003"]
[Site "Willingen GER"]
[Date "2003.06.08"]
[Round "1"]
[White "Specht, Christian"]
[Black "Rosenburg, Hauke"]
[Result "1-0"]
[Termination "normal"]
[Board "16"]
[WhiteElo "1327"]
[BlackElo "908"]
[PlyCount "121"]
[WhiteFideId "24647985"]
[EventCountry "GER"]
[EventRounds "11"]
[EventType "swiss"]
[EventDate "2003.06.07"]

1. e4 d5 2. exd5 Qxd5 3. Nc3 Qd8 4. d4 Nf6 5. h3 h6 6. Nf3 e6 7. Bd3 Bb4 8. O-O
Bxc3 9. bxc3 a6 10. Re1 Nd5 11. Bd2 Nc6 12. Rb1 Nf6 13. Ne5 Nxe5 14. Rxe5 Nd7
15. Re1 Qh4 16. Be4 Rb8 17. d5 Nf6 18. Bf3 Qc4 19. dxe6 fxe6 20. Rb2 b6 21. Be2
Qc6 22. Bd3 Bb7 23. Bf1 Rd8 24. Qe2 Ne4 25. Rd1 Nxd2 26. Rxd2 Rxd2 27. Qxd2 Ke7
28. Qd4 Rg8 29. Rb1 Qe4 30. Qxe4 Bxe4 31. Bd3 Bd5 32. a3 a5 33. Re1 Rf8 34. c4
Ba8 35. Re3 Rf4 36. g3 Rd4 37. f4 Rd8 38. Kf2 Rf8 39. Re5 Kd7 40. c5 Rf7 41.
cxb6 cxb6 42. Bc4 Re7 43. f5 Bd5 44. Bxd5 exd5 45. Rxd5+ Kc6 46. Rd3 Rf7 47. g4
g6 48. Rf3 gxf5 49. Rxf5 Rxf5+ 50. gxf5 Kd6 51. Kf3 Ke5 52. Kg4 b5 53. Kh5 Kxf5
54. Kxh6 Kf6 55. h4 Kf7 56. Kg5 Kg8 57. Kf5 Kg7 58. Ke5 Kh6 59. Kd5 Kh5 60. Kc5
Kxh4 61. Kxb5 1-0

[Event "DEM U10/U10w 2003"]
[Site "Willingen GER"]
[Date "2003.06.08"]
[Round "1"]
[White "Sohl, Thies"]
[Black "Lobmeyer, Fabian"]
[Result "0-1"]
[Termination "normal"]
[Board "17"]
[WhiteElo "908"]
[BlackElo "1316"]
[PlyCount "29"]
[BlackFideId "24659681"]
[EventCountry "GER"]
[EventRounds "11"]
[EventType "swiss"]
[EventDate "2003.06.07"]

1. b3 e5 2. Bb2 Nc6 3. e3 d5 4. Bb5 Qd6 5. Nf3 Bg4 6. Ba3 Qf6 7. Bxc6+ bxc6 8.
Bxf8 Kxf8 9. Qc1 Bxf3 10. gxf3 Qxf3 11. Rg1 Nf6 12. Rg3 Qh1+ 13. Ke2 Qxc1 14.
a4 Qb2 15. Ra3 0-1

[Event "DEM U10/U10w 2003"]
[Site "Willingen GER"]
[Date "2003.06.08"]
[Round "1"]
[White "Huhnstock, Rico"]
[Black "Stitterich, Nadine"]
[Result "1-0"]
[Termination "normal"]
[Board "18"]
[WhiteElo "1311"]
[BlackElo "890"]
[PlyCount "47"]
[WhiteFideId "24642932"]
[BlackFideId "24676527"]
[EventCountry "GER"]
[EventRounds "11"]
[EventType "swiss"]
[EventDate "2003.06.07"]

1. e4 e5 2. Nf3 Nc6 3. Bc4 Bc5 4. c3 Nf6 5. d4 Bd6 6. Qc2 b6 7. O-O O-O 8. Bg5
Bb7 9. Nbd2 Re8 10. Rfe1 Na5 11. Bd3 c6 12. b4 c5 13. bxa5 cxd4 14. cxd4 bxa5
15. Rab1 Rb8 16. Nc4 Qc7 17. Bxf6 gxf6 18. Nxd6 Qxd6 19. dxe5 fxe5 20. Qd2 Re6
21. Red1 Rf6 22. Qxa5 a6 23. Qxe5 Qc6 24. Qxb8+ 1-0

[Event "DEM U10/U10w 2003"]
[Site "Willingen GER"]
[Date "2003.06.08"]
[Round "1"]
[White "Rösiger, Christina"]
[Black "Rafayevych, Wilen"]
[Result "0-1"]
[Termination "normal"]
[Board "19"]
[WhiteElo "885"]
[BlackElo "1301"]
[PlyCount "72"]
[EventCountry "GER"]
[EventRounds "11"]
[EventType "swiss"]
[EventDate "2003.06.07"]

1. e4 c5 2. Nf3 Nc6 3. d4 cxd4 4. Nxd4 e5 5. Nf3 Nf6 6. Bc4 Nxe4 7. O-O Bc5 8.
Re1 Bxf2+ 9. Kh1 Bxe1 10. Qxe1 Nf6 11. Nxe5 O-O 12. Bg5 Re8 13. Qc3 Nxe5 14.
Nd2 Nxc4 15. Nxc4 Ne4 16. Bxd8 Nxc3 17. bxc3 Rxd8 18. Re1 d5 19. Nd2 Bf5 20.
Nf3 Bxc2 21. Nd4 Bg6 22. a3 Re8 23. Rd1 Re3 24. Nb5 Rae8 25. g3 Re1+ 26. Rxe1
Rxe1+ 27. Kg2 Rb1 28. Nc7 Rb3 29. Nxd5 Rxa3 30. Kf3 f6 31. Ke3 Kf7 32. Kd4 Ke6
33. Nc7+ Kd7 34. Nb5 Ra4+ 35. Kc5 b6+ 36. Kd5 Bf7# 0-1

[Event "DEM U10/U10w 2003"]
[Site "Willingen GER"]
[Date "2003.06.08"]
[Round "1"]
[White "Wapenhans, Martin"]
[Black "Matschewsky, Justus"]
[Result "1-0"]
[Termination "normal"]
[Board "20"]
[WhiteElo "1288"]
[BlackElo "880"]
[PlyCount "107"]
[BlackFideId "24678708"]
[EventCountry "GER"]
[EventRounds "11"]
[EventType "swiss"]
[EventDate "2003.06.07"]

1. e4 e5 2. Nf3 Nc6 3. d4 exd4 4. Nxd4 Bc5 5. Be3 Bxd4 6. Bxd4 Nf6 7. Nc3 O-O
8. Bb5 Re8 9. Bxf6 Qxf6 10. O-O a6 11. Bc4 d6 12. Nd5 Qd8 13. c3 Rxe4 14. Bd3
Re5 15. Qf3 Be6 16. Bc4 b5 17. Bb3 Na5 18. Ne7+ Qxe7 19. Qxa8+ Qf8 20. Qxa6
Nxb3 21. axb3 h6 22. c4 bxc4 23. bxc4 Rc5 24. Rfc1 Qe7 25. b4 Re5 26. Re1 Rg5
27. Qc8+ Bxc8 28. Rxe7 Kh7 29. Rxc7 Be6 30. c5 dxc5 31. Rxc5 Bd5 32. Raa5 Rxg2+
33. Kf1 Bf3 34. b5 Rxh2 35. Ke1 Rh1+ 36. Kd2 Rd1+ 37. Ke3 Bg2 38. b6 Rb1 39.
Rab5 Rd1 40. Rc7 Rd8 41. b7 Rb8 42. f3 Bh3 43. Ra5 Re8+ 44. Kf2 Be6 45. Ra8
Rxa8 46. bxa8=Q g5 47. Qe4+ Kg7 48. f4 g4 49. f5 g3+ 50. Kxg3 h5 51. Qxe6 h4+
52. Kxh4 Kf8 53. Rxf7+ Kg8 54. Qe8# 1-0

[Event "DEM U10/U10w 2003"]
[Site "Willingen GER"]
[Date "2003.06.08"]
[Round "1"]
[White "Muschak, Theresia"]
[Black "Miclea, Andrei"]
[Result "0-1"]
[Termination "normal"]
[Board "21"]
[WhiteElo "860"]
[BlackElo "1286"]
[PlyCount "120"]
[EventCountry "GER"]
[EventRounds "11"]
[EventType "swiss"]
[EventDate "2003.06.07"]

1. e4 c5 2. Nf3 Nc6 3. Bc4 g6 4. Nc3 Bg7 5. O-O e6 6. d3 Nge7 7. Bd2 O-O 8. Re1
d5 9. exd5 exd5 10. Bb5 a6 11. Bxc6 Nxc6 12. Rb1 Bg4 13. h3 Be6 14. Ne2 b5 15.
b3 Re8 16. Nf4 Qd6 17. Nxe6 Rxe6 18. Rxe6 Qxe6 19. Qe1 Re8 20. Ng5 Qxe1+ 21.
Rxe1 Rxe1+ 22. Bxe1 Nd4 23. c4 dxc4 24. bxc4 Ne2+ 25. Kf1 Nc1 26. Ne4 Nxd3 27.
cxb5 axb5 28. Bd2 Bf8 29. Nf6+ Kg7 30. Bc3 Kh6 31. Bd2+ g5 32. Ke2 Nf4+ 33. Kf3
Kg6 34. Ne4 c4 35. Kg3 f5 36. Nc3 b4 37. Nb1 c3 38. Bc1 Ne2+ 39. Kf3 Nxc1 40.
a3 bxa3 41. Nxa3 Bxa3 42. Ke3 Na2 43. Kd3 c2 44. Kxc2 Bc5 45. Kb3 Nc1+ 46. Kc2
Ne2 47. Kd2 Nf4 48. g3 Nxh3 49. f4 gxf4 50. gxf4 Nxf4 51. Kc3 h5 52. Kd2 h4 53.
Ke1 h3 54. Kd2 h2 55. Kc3 h1=Q 56. Kc4 Qd5+ 57. Kb5 Nd3 58. Ka6 Qc6+ 59. Ka5
Bb6+ 60. Ka6 Nb4# 0-1

[Event "DEM U10/U10w 2003"]
[Site "Willingen GER"]
[Date "2003.06.08"]
[Round "1"]
[White "Berchtenbreiter, Maximilian"]
[Black "Mirke, Roy"]
[Result "1-0"]
[Termination "normal"]
[Board "22"]
[WhiteElo "1282"]
[BlackElo "855"]
[PlyCount "127"]
[WhiteFideId "24641120"]
[BlackFideId "24647306"]
[EventCountry "GER"]
[EventRounds "11"]
[EventType "swiss"]
[EventDate "2003.06.07"]

1. c4 c6 2. d4 d5 3. cxd5 cxd5 4. Nc3 Nf6 5. Nf3 Nc6 6. Bg5 Bf5 7. e3 a6 8. Ne5
h6 9. Bf4 e6 10. Nxc6 bxc6 11. Bd3 Bxd3 12. Qxd3 Bd6 13. Bxd6 Qxd6 14. O-O Ng4
15. g3 O-O 16. e4 Qe7 17. Rac1 Qg5 18. f4 Qh5 19. Qe2 Rab8 20. b3 Rb4 21. h4
Ra8 22. exd5 cxd5 23. Qd3 Nf6 24. Na4 Qg4 25. Nc5 Rb6 26. a4 Rbb8 27. Kh2 Nh5
28. Nd7 Rb7 29. Ne5 Qf5 30. Qxf5 exf5 31. Rb1 f6 32. Nc6 Rc8 33. Rfc1 Rcc7 34.
b4 Rb6 35. b5 axb5 36. axb5 g5 37. hxg5 hxg5 38. fxg5 fxg5 39. Rf1 f4 40. gxf4
Nxf4 41. Ne5 Rc2+ 42. Kg3 Rg2+ 43. Kf3 Rf6 44. Ke3 g4 45. Rxf4 Rxf4 46. Kxf4 g3
47. Kf3 Rd2 48. Kxg3 Rxd4 49. b6 Re4 50. Nc6 d4 51. Nxd4 Rxd4 52. b7 Rd3+ 53.
Kf4 Rd4+ 54. Ke5 Rd8 55. b8=Q Rxb8 56. Rxb8+ Kh7 57. Rb6 Kg7 58. Rf6 Kh7 59.
Kf5 Kg7 60. Kg5 Kh7 61. Rg6 Kh8 62. Kf6 Kh7 63. Kf7 Kh8 64. Rh6# 1-0

[Event "DEM U10/U10w 2003"]
[Site "Willingen GER"]
[Date "2003.06.08"]
[Round "1"]
[White "Oat, Daniela"]
[Black "Eimer, Matthias"]
[Result "0-1"]
[Termination "normal"]
[Board "23"]
[WhiteElo "850"]
[BlackElo "1261"]
[PlyCount "110"]
[EventCountry "GER"]
[EventRounds "11"]
[EventType "swiss"]
[EventDate "2003.06.07"]

1. e4 e5 2. Nf3 Nc6 3. Bc4 Nf6 4. Ng5 d5 5. exd5 Nxd5 6. d3 Be7 7. Nf3 Bg4 8.
Bxd5 Qxd5 9. Nc3 Qd7 10. h3 Bh5 11. g4 Bg6 12. Be3 f5 13. gxf5 Bh5 14. Qe2 Qxf5
15. Qd2 Qxf3 16. Rg1 Qxh3 17. Ne2 O-O-O 18. O-O-O Rhf8 19. Rg3 Qf5 20. Re1 Bh4
21. Rg2 Bxe2 22. Rxe2 Nd4 23. Bxd4 exd4 24. Kb1 Rd5 25. b3 Re5 26. Rxe5 Qxe5
27. Qb4 Rxf2 28. Rxf2 Bxf2 29. Qf8+ Kd7 30. Qxf2 Qf6 31. Qg2 g5 32. Qxb7 g4 33.
Qb5+ Kc8 34. Qe8+ Kb7 35. Qb5+ Qb6 36. Qd5+ Qc6 37. Qxd4 g3 38. Qb4+ Ka6 39.
Qa3+ Kb7 40. Qb4+ Qb6 41. Qe4+ c6 42. Qg4 Qg1+ 43. Kb2 g2 44. Qd7+ Kb6 45. Qd8+
Ka6 46. Qc8+ Ka5 47. Qc7+ Qb6 48. Qe5+ Ka6 49. Qe2 g1=Q 50. d4+ Qb5 51. c4
Qxd4+ 52. Kc1 Qg5+ 53. Kc2 Qf5+ 54. Kc1 Qc3+ 55. Kd1 Qfd3+ 0-1

[Event "DEM U10/U10w 2003"]
[Site "Willingen GER"]
[Date "2003.06.08"]
[Round "1"]
[White "Zivkovic, Djordje"]
[Black "Spangenberg, Romy"]
[Result "1-0"]
[Termination "normal"]
[Board "24"]
[WhiteElo "1259"]
[BlackElo "833"]
[PlyCount "69"]
[BlackFideId "4627997"]
[EventCountry "GER"]
[EventRounds "11"]
[EventType "swiss"]
[EventDate "2003.06.07"]

1. e4 e5 2. Nf3 Nc6 3. d4 exd4 4. Nxd4 Bc5 5. Nf3 d6 6. Nc3 Bg4 7. Bc4 Nf6 8.
h3 Be6 9. Bd5 Qd7 10. Bxe6 fxe6 11. O-O d5 12. exd5 exd5 13. Re1+ Kf7 14. Bg5
Rhe8 15. Bxf6 Rxe1+ 16. Qxe1 Re8 17. Ne5+ Nxe5 18. Bxe5 Bd6 19. f4 Qf5 20. Qg3
Bxe5 21. fxe5 Qxc2 22. Qf4+ Kg8 23. Qf2 Qd3 24. Qxa7 b6 25. Qxc7 Qe3+ 26. Kh1
Rxe5 27. Qd8+ Re8 28. Qxd5+ Kh8 29. Qf3 Qd2 30. Rf1 Qd6 31. Qf7 Ra8 32. Ne4 Qb4
33. a3 Qf8 34. Qxf8+ Rxf8 35. Rxf8# 1-0

[Event "DEM U10/U10w 2003"]
[Site "Willingen GER"]
[Date "2003.06.08"]
[Round "1"]
[White "Bauer, Julia"]
[Black "Kartsev, Alexandr"]
[Result "0-1"]
[Termination "normal"]
[Board "25"]
[WhiteElo "812"]
[BlackElo "1258"]
[PlyCount "50"]
[BlackFideId "24647110"]
[EventCountry "GER"]
[EventRounds "11"]
[EventType "swiss"]
[EventDate "2003.06.07"]

1. e4 d5 2. exd5 Nf6 3. Nc3 Nxd5 4. Nxd5 Qxd5 5. d4 Nc6 6. Nf3 Bg4 7. Be2 e6 8.
O-O O-O-O 9. Bf4 Qe4 10. Bd3 Qxf4 11. Re1 Bxf3 12. gxf3 Nxd4 13. Re4 Qxf3 14.
Re3 Qxd1+ 15. Rxd1 Bc5 16. Re5 Bd6 17. Ra5 Kb8 18. Bc4 Nc6 19. Ra4 Be5 20. Rd3
Rxd3 21. Bxd3 Bxb2 22. Bb5 Ne5 23. f4 Nf3+ 24. Kf1 Nd4 25. Rc4 Nxb5 0-1

[Event "DEM U10/U10w 2003"]
[Site "Willingen GER"]
[Date "2003.06.08"]
[Round "1"]
[White "Weber, Raphael"]
[Black "Thiele, Eileen"]
[Result "1-0"]
[Termination "normal"]
[Board "26"]
[WhiteElo "1250"]
[BlackElo "695"]
[PlyCount "49"]
[WhiteFideId "24644110"]
[EventCountry "GER"]
[EventRounds "11"]
[EventType "swiss"]
[EventDate "2003.06.07"]

1. e4 e5 2. Nf3 Nc6 3. Bc4 Bc5 4. Nc3 d6 5. h3 Nf6 6. d3 h6 7. Be3 Bb6 8. O-O
O-O 9. Qd2 Bxe3 10. fxe3 Be6 11. Bb3 d5 12. exd5 Bxd5 13. Nxd5 Nxd5 14. Rf2 Nf6
15. Raf1 Qe7 16. e4 Rad8 17. Qe3 b5 18. Nh4 Rd7 19. Qg3 Nh5 20. Qg4 Nf6 21.
Rxf6 Qe8 22. Nf5 g6 23. Qxg6+ Kh8 24. Qxh6+ Kg8 25. Rg6# 1-0

[Event "DEM U10/U10w 2003"]
[Site "Willingen GER"]
[Date "2003.06.08"]
[Round "2"]
[White "Graf, Felix"]
[Black "Zivkovic, Djordje"]
[Result "1-0"]
[Termination "normal"]
[Board "1"]
[WhiteElo "1805"]
[BlackElo "1259"]
[PlyCount "139"]
[WhiteFideId "24608904"]
[EventCountry "GER"]
[EventRounds "11"]
[EventType "swiss"]
[EventDate "2003.06.07"]

1. d4 e6 2. Nf3 Nf6 3. c4 d5 4. Nc3 Bb4 5. e3 Nc6 6. a3 Bxc3+ 7. bxc3 dxc4 8.
Bxc4 Nd5 9. Qc2 Nb6 10. Bd3 g6 11. e4 f5 12. Bg5 Qd7 13. exf5 gxf5 14. O-O-O
Qd6 15. Qb3 Na5 16. Qb4 Qxb4 17. cxb4 Nbc4 18. bxa5 Nxa5 19. Rhe1 Kf7 20. Bf4
c6 21. Kb2 Bd7 22. Ne5+ Ke7 23. Bd2 b6 24. Bb4+ Ke8 25. Nxd7 Kxd7 26. Bxa5 bxa5
27. Bc4 Rab8+ 28. Kc3 Rhe8 29. Re5 Re7 30. Rde1 Rd8 31. Rxa5 Kd6 32. f4 Rg8 33.
g3 h5 34. Rae5 Rg6 35. Bd3 Rgg7 36. Rb1 Rgf7 37. Rb8 Rh7 38. Rc5 Rc7 39. Bc4
Kd7 40. Re5 Re7 41. Rb1 Rc8 42. Rb7+ Rc7 43. Rxc7+ Kxc7 44. Rxe6 Rg7 45. Re5 h4
46. Rxf5 hxg3 47. hxg3 Rxg3+ 48. Bd3 Rf3 49. Rf7+ Kb6 50. f5 a5 51. f6 Rf4 52.
Rf8 Kc7 53. f7 Kd7 54. Bc4 Rf3+ 55. Kd2 Ke7 56. Re8+ Kd7 57. f8=Q Rxf8 58. Rxf8
Kd6 59. Ra8 c5 60. d5 a4 61. Ra6+ Kd7 62. d6 Kc8 63. Be6+ Kb7 64. d7 Kxa6 65.
d8=Q c4 66. Qb8 c3+ 67. Kxc3 Ka5 68. Kc4 Ka6 69. Bc8+ Ka5 70. Qb5# 1-0

[Event "DEM U10/U10w 2003"]
[Site "Willingen GER"]
[Date "2003.06.08"]
[Round "2"]
[White "Eimer, Matthias"]
[Black "Mihok, Oliver"]
[Result "0-1"]
[Termination "normal"]
[Board "2"]
[WhiteElo "1261"]
[BlackElo "1913"]
[PlyCount "78"]
[BlackFideId "728012"]
[EventCountry "GER"]
[EventRounds "11"]
[EventType "swiss"]
[EventDate "2003.06.07"]

1. e4 c5 2. Nc3 e6 3. Nf3 a6 4. Be2 b5 5. a3 Bb7 6. d3 Nf6 7. Bg5 Be7 8. Qd2
O-O 9. Na2 d5 10. e5 Nfd7 11. Bxe7 Qxe7 12. c4 bxc4 13. dxc4 Rd8 14. Rd1 Nc6
15. O-O Ndxe5 16. Nxe5 Nxe5 17. cxd5 Bxd5 18. Qe3 Nc4 19. Qc1 Na5 20. Nc3 Nb3
21. Nxd5 exd5 22. Qc3 Nd4 23. Bg4 f5 24. Rfe1 Qd6 25. Bf3 Rab8 26. b4 Nxf3+ 27.
Qxf3 cxb4 28. axb4 Qxb4 29. h3 a5 30. Qxf5 a4 31. Rb1 Qd6 32. Rxb8 Rxb8 33. Qg4
a3 34. Qa4 h6 35. Ra1 d4 36. Qxa3 Rb1+ 37. Rxb1 Qxa3 38. Rd1 d3 39. g3 d2 0-1

[Event "DEM U10/U10w 2003"]
[Site "Willingen GER"]
[Date "2003.06.08"]
[Round "2"]
[White "Schäfer, Alexander"]
[Black "Weber, Raphael"]
[Result "0-1"]
[Termination "normal"]
[Board "3"]
[WhiteElo "1646"]
[BlackElo "1250"]
[PlyCount "108"]
[WhiteFideId "24615196"]
[BlackFideId "24644110"]
[EventCountry "GER"]
[EventRounds "11"]
[EventType "swiss"]
[EventDate "2003.06.07"]

1. e4 e5 2. Nf3 Nc6 3. d4 exd4 4. Nxd4 Qh4 5. Nb5 Bc5 6. Qf3 Bb6 7. Bc4 Qf6 8.
Qxf6 Nxf6 9. N1c3 a6 10. Na3 O-O 11. O-O Re8 12. Re1 d6 13. Bg5 Ng4 14. Bh4 Be6
15. h3 Nge5 16. Bd5 Bxd5 17. Nxd5 Ba5 18. c3 Nd3 19. Re3 Nce5 20. f4 Nxf4 21.
Nxf4 Bb6 22. Bf2 Bxe3 23. Bxe3 Nc6 24. Nd5 Rxe4 25. Nxc7 Rc8 26. Nd5 Re5 27. c4
Nb4 28. Bf4 Re4 29. Nxb4 Rxf4 30. Nd5 Re4 31. b3 f6 32. Nc2 Kf7 33. Kf2 Rce8
34. Re1 Rxe1 35. Nxe1 g5 36. Nf3 h5 37. Nd4 Kg6 38. g4 hxg4 39. hxg4 Re4 40.
Nf5 Rxg4 41. Nxd6 Rh4 42. Kg3 Rh7 43. Nb6 f5 44. Na4 f4+ 45. Kg2 g4 46. Ne4 Kf5
47. Nac3 f3+ 48. Kf2 Kf4 49. Nd5+ Kxe4 50. Nf6+ Kf4 51. Nxh7 g3+ 52. Kg1 Ke3
53. Ng5 f2+ 54. Kf1 g2+ 0-1

[Event "DEM U10/U10w 2003"]
[Site "Willingen GER"]
[Date "2003.06.08"]
[Round "2"]
[White "Kartsev, Alexandr"]
[Black "Jussupow, Alexander"]
[Result "1-0"]
[Termination "normal"]
[Board "4"]
[WhiteElo "1258"]
[BlackElo "1605"]
[PlyCount "113"]
[WhiteFideId "24647110"]
[BlackFideId "24613509"]
[EventCountry "GER"]
[EventRounds "11"]
[EventType "swiss"]
[EventDate "2003.06.07"]

1. e4 c5 2. Nf3 d6 3. d4 cxd4 4. Nxd4 Nf6 5. Nc3 g6 6. f3 Bg7 7. Be3 O-O 8. Qd2
Nc6 9. Bc4 Bd7 10. O-O-O Rc8 11. g4 Ne5 12. Bb3 Nc4 13. Bxc4 Rxc4 14. h4 Qa5
15. Nb3 Qc7 16. h5 Rc8 17. Kb1 Bxg4 18. fxg4 Nxe4 19. Qh2 Rxc3 20. bxc3 Nxc3+
21. Kc1 Nxa2+ 22. Kb1 Qc3 23. Bd4 Bxd4 24. Rxd4 Nb4 25. hxg6 h6 26. gxf7+ Kg7
27. Rf4 Qxc2+ 28. Qxc2 Nxc2 29. f8=Q+ Rxf8 30. Rxf8 Na3+ 31. Ka2 Kxf8 32. Kxa3
Kg7 33. Na5 b6 34. Nc6 e5 35. Nxa7 d5 36. Rh5 e4 37. Rxd5 Kf6 38. Kb3 e3 39.
Kc3 Ke6 40. Rf5 Kd6 41. Kd3 Ke6 42. Kxe3 Ke7 43. Kf3 Ke6 44. Kg3 b5 45. Nxb5 h5
46. Rxh5 Kf6 47. Kf4 Ke6 48. Rf5 Ke7 49. Ke5 Kd7 50. Rf6 Ke7 51. g5 Kd7 52. g6
Kc8 53. g7 Kb7 54. Nd4 Kc7 55. g8=Q Kb7 56. Qg7+ Kc8 57. Rf8# 1-0

[Event "DEM U10/U10w 2003"]
[Site "Willingen GER"]
[Date "2003.06.08"]
[Round "2"]
[White "Zelbel, Patrick"]
[Black "Giesler, Julius"]
[Result "1-0"]
[Termination "normal"]
[Board "5"]
[WhiteElo "1595"]
[BlackElo "1243"]
[PlyCount "97"]
[WhiteFideId "24624322"]
[EventCountry "GER"]
[EventRounds "11"]
[EventType "swiss"]
[EventDate "2003.06.07"]

1. e4 e5 2. Nf3 Nf6 3. Nxe5 d6 4. Nf3 Nxe4 5. Nc3 d5 6. Qe2 Be7 7. Nxe4 dxe4 8.
Qxe4 Be6 9. Qd4 Qxd4 10. Nxd4 Bc5 11. Nxe6 fxe6 12. Bc4 Kd7 13. c3 e5 14. d3
Nc6 15. O-O Rhf8 16. Be3 Bxe3 17. fxe3 a6 18. Rad1 Na5 19. Bd5 Kd6 20. Be4 g6
21. b4 Nc6 22. Bxc6 Kxc6 23. Rxf8 Rxf8 24. c4 Rd8 25. Kf2 b6 26. Ke2 a5 27.
bxa5 Ra8 28. axb6 Rxa2+ 29. Rd2 Rxd2+ 30. Kxd2 Kxb6 31. Kc3 Ka5 32. d4 e4 33.
d5 Ka4 34. Kd4 Kb4 35. c5 Kb5 36. g3 h6 37. h3 g5 38. g4 Ka6 39. d6 cxd6 40.
cxd6 Kb7 41. Kxe4 Kc8 42. Kd5 Kd7 43. e4 Kd8 44. Kc6 Kc8 45. e5 Kd8 46. e6 Kc8
47. d7+ Kd8 48. Kd6 h5 49. e7# 1-0

[Event "DEM U10/U10w 2003"]
[Site "Willingen GER"]
[Date "2003.06.08"]
[Round "2"]
[White "Wallenborn, Michael"]
[Black "Endreß, Anna"]
[Result "0-1"]
[Termination "normal"]
[Board "6"]
[WhiteElo "1243"]
[BlackElo "1573"]
[PlyCount "64"]
[BlackFideId "24629472"]
[EventCountry "GER"]
[EventRounds "11"]
[EventType "swiss"]
[EventDate "2003.06.07"]

1. e4 c5 2. Nf3 a6 3. Nc3 Nf6 4. Bc4 b5 5. Bd5 Nxd5 6. Nxd5 e6 7. Nf4 Bb7 8. d3
Be7 9. O-O O-O 10. Re1 d6 11. b3 Bf6 12. Rb1 Nd7 13. Qd2 b4 14. Bb2 Bxb2 15.
Rxb2 a5 16. Qe3 Qc7 17. Re2 Nb6 18. e5 d5 19. d4 c4 20. Rb1 cxb3 21. axb3 Rfc8
22. Rc1 a4 23. bxa4 Rxa4 24. Qb3 Ba6 25. Rd2 Qc3 26. Qxc3 Rxc3 27. Ne2 Bxe2 28.
Rxe2 b3 29. Re3 Rxc2 30. Rxc2 bxc2 31. Rc3 Ra1+ 32. Ne1 Rxe1# 0-1

[Event "DEM U10/U10w 2003"]
[Site "Willingen GER"]
[Date "2003.06.08"]
[Round "2"]
[White "Schmitt, Philipp"]
[Black "Blübaum, Johanna"]
[Result "1-0"]
[Termination "normal"]
[Board "7"]
[WhiteElo "1458"]
[BlackElo "1243"]
[PlyCount "74"]
[WhiteFideId "24641766"]
[BlackFideId "24647373"]
[EventCountry "GER"]
[EventRounds "11"]
[EventType "swiss"]
[EventDate "2003.06.07"]

1. e4 e6 2. d4 d5 3. exd5 exd5 4. Bd3 Bd6 5. Nf3 Bg4 6. O-O Ne7 7. Bg5 f6 8.
Bh4 c5 9. dxc5 Bxc5 10. Nbd2 O-O 11. c3 Nf5 12. Qc2 Nxh4 13. Bxh7+ Kh8 14. Nxh4
f5 15. Nxf5 Kxh7 16. Ne3+ Kg8 17. Nxg4 Qh4 18. Ne3 Nc6 19. Qb3 Rad8 20. Nf3
Rxf3 21. gxf3 Bd6 22. Rfd1 Qxh2+ 23. Kf1 Be7 24. Ng4 Qh5 25. c4 Qh1+ 26. Ke2
Nd4+ 27. Rxd4 Qxa1 28. Rd1 Qxd1+ 29. Qxd1 dxc4 30. Qa4 a6 31. Qxc4+ Kh8 32. Qc7
Re8 33. Qd7 Rd8 34. Qxe7 Rc8 35. Nf6 gxf6 36. Qxf6+ Kg8 37. Qe6+ Kg7 1-0

[Event "DEM U10/U10w 2003"]
[Site "Willingen GER"]
[Date "2003.06.08"]
[Round "2"]
[White "Friedrich, Wiede"]
[Black "Orhan, Eda"]
[Result "1-0"]
[Termination "normal"]
[Board "8"]
[WhiteElo "1431"]
[BlackElo "1222"]
[PlyCount "111"]
[WhiteFideId "24629537"]
[BlackFideId "24659258"]
[EventCountry "GER"]
[EventRounds "11"]
[EventType "swiss"]
[EventDate "2003.06.07"]

1. e4 d5 2. exd5 Qxd5 3. Nc3 Qa5 4. d4 Bf5 5. Bc4 c6 6. Bf4 Nf6 7. Nf3 e6 8. a3
Nbd7 9. O-O Be7 10. Re1 O-O 11. Qd2 Rad8 12. Nd5 Qxd2 13. Nxe7+ Kh8 14. Nxd2
Bg4 15. f3 Bh5 16. g4 Bg6 17. Nxg6+ hxg6 18. Bg5 Nb6 19. c3 Nxc4 20. Nxc4 b5
21. Ne5 Rd5 22. Bxf6 gxf6 23. Nxc6 a6 24. Rad1 f5 25. gxf5 Rxf5 26. Kg2 Kg7 27.
Re5 Rxe5 28. dxe5 Rc8 29. Rd6 Kh6 30. Na7 Rc5 31. Nc6 Kg5 32. Kg3 Kf5 33. h4
Rc4 34. Nd8 Kxe5 35. Nxf7+ Kf5 36. Rxa6 Rf4 37. Nh6+ Ke5 38. Rxe6+ Kxe6 39.
Kxf4 Kf6 40. b3 Kg7 41. Ng4 Kf7 42. a4 bxa4 43. bxa4 Ke7 44. a5 Kd7 45. c4 Kc6
46. Kg5 Kc5 47. Kxg6 Kc6 48. h5 Kc5 49. h6 Kc6 50. h7 Kc5 51. h8=Q Kc6 52. Qe5
Kb7 53. Qd6 Ka8 54. Qd7 Kb8 55. a6 Ka8 56. Qb7# 1-0

[Event "DEM U10/U10w 2003"]
[Site "Willingen GER"]
[Date "2003.06.08"]
[Round "2"]
[White "Dünzel, Jonas"]
[Black "Gadschisade, Machmud"]
[Result "0-1"]
[Termination "normal"]
[Board "9"]
[WhiteElo "1230"]
[BlackElo "1428"]
[PlyCount "48"]
[WhiteFideId "24631167"]
[BlackFideId "4647734"]
[EventCountry "GER"]
[EventRounds "11"]
[EventType "swiss"]
[EventDate "2003.06.07"]

1. e4 e5 2. Nf3 Nc6 3. Bc4 g6 4. c3 Bg7 5. d4 d6 6. Be3 Nf6 7. Nbd2 O-O 8. Qb3
Qe7 9. dxe5 Nxe5 10. Nxe5 Qxe5 11. f3 c6 12. O-O d5 13. Bd3 Qe7 14. Rfe1 Be6
15. Qb4 Qxb4 16. cxb4 dxe4 17. fxe4 Ng4 18. Nc4 Bxc4 19. Bxc4 Bxb2 20. Rab1
Nxe3 21. Rxe3 Bd4 22. Rbe1 Bxe3+ 23. Rxe3 Rae8 24. e5 Kg7 0-1